Kapitoly z finančného manažmentu. 5 Investovanie v podniku

Investovanie - vkladanie (alokácia) podnikového kapitálu do jednotlivých zložiek podnikových aktív: do hmotného investičného majetku, obežných aktív (zásoby, pohľadávky, pohotové prostriedky), cenných papierov. Metódy investičného rozhodovania - metóda čistej súčasnej hodnoty projektu.

Na minha lista:
Detalhes bibliográficos
Autor principal: Vlachynský, Karol
Formato: Capítulo de Livro
Idioma:eslovaco
Assuntos:
Tags: Adicionar Tag
Sem tags, seja o primeiro a adicionar uma tag!

MARC

LEADER 00000naa a2200000 4500
001 r015743
005 20221205091503.9
041 0 |a slo 
044 |a SK 
245 1 0 |a Kapitoly z finančného manažmentu. 5  |b Investovanie v podniku  |c Karol Vlachynský 
520 |a Investovanie - vkladanie (alokácia) podnikového kapitálu do jednotlivých zložiek podnikových aktív: do hmotného investičného majetku, obežných aktív (zásoby, pohľadávky, pohotové prostriedky), cenných papierov. Metódy investičného rozhodovania - metóda čistej súčasnej hodnoty projektu. 
610 2 0 |a investovanie 
610 2 0 |a podnik 
610 2 0 |a majetok hmotný 
610 2 0 |a aktíva 
610 2 0 |a zásoby 
610 2 0 |a pohľadávky 
610 2 0 |a papiere cenné 
610 2 0 |a rozhodovanie 
610 2 0 |a portfólio 
610 2 0 |a investície 
100 1 |a Vlachynský, Karol